000 00398nam a2200157Ia 4500
005 20240823064127.0
008 240823s9999||||xx |||||||||||||| ||und||
082 _A005.8 Q1
100 _aNina Godbole
245 0 _aCyber Security
260 _c2011
_bWiley India Pv
_aNew Delhi
500 _aYES
650 _aCyber Security
_bInformation Technology
700 _a Sunit Belapure
942 _cNB
999 _c239966
_d239966